000 00654nam a2200253Ia 4500
003 OSt
005 20221005030246.0
006 a|||||r|||| 00| 0
007 ta
008 221004b |||||||| |||| 00| 0 eng d
020 _a0521430798
024 _a22785
037 _cTextual
040 _aCRL
_cCRL
_beng
041 _2eng
_aeng
082 _aP3,B7, N4
100 _aParpola Asko
245 0 _aDeciphering the Indus script
260 _aCambridge
_bCambridge University Press Gr. Britain
_c1994
300 _a373p.
_ccm.
650 _aLINGUISTICS
942 _hP3,B7, N4
_cTEXL
_2cc
999 _c935918
_d935918